| 000 | 00939nam a2200121Ia 4500 | ||
|---|---|---|---|
| 008 | 220620s9999||||xx |||||||||||||| ||und|| | ||
| 245 | 0 | _aModernisation in Russia since 1900 | |
| 546 | _aEnglish[eng] | ||
| 650 | _amodernisation||societal change||bolshevism||socialism||postcommunism||transition economy||Russia||Soviet Union | ||
| 700 | _aKangaspuro, Markku||Smith, Jeremy | ||
| 856 | _uhttps://library.oapen.org/bitstream/20.500.12657/29740/1/9789518580211_modernisation.pdf||https://library.oapen.org/bitstream/20.500.12657/29740/5/9789518580211_modernisation.pdf||https://library.oapen.org/bitstream/20.500.12657/29740/7/9789518580211_modernisation.pdf||https://library.oapen.org/bitstream/20.500.12657/29740/7/9789518580211_modernisation.pdf||https://library.oapen.org/bitstream/20.500.12657/29740/7/9789518580211_modernisation.pdf||https://library.oapen.org/bitstream/20.500.12657/29740/7/9789518580211_modernisation.pdf | ||
| 942 | _cEB | ||
| 999 |
_c22976 _d22976 |
||